<?xml version="1.0" encoding="UTF-8"?>
<marc:record xmlns:marc="http://www.loc.gov/MARC21/slim">
   <marc:leader>00000nam a2200000 a 4500</marc:leader>
   <marc:datafield ind1="1" ind2=" " tag="100">
      <marc:subfield code="a">Benkau, Jennifer</marc:subfield>
      <marc:subfield code="4">aut</marc:subfield>
      <marc:subfield code="e">Verfasser/-in</marc:subfield>
   </marc:datafield>
   <marc:datafield ind1="0" ind2="0" tag="245">
      <marc:subfield code="a">Wer das Schicksal zeichnet</marc:subfield>
   </marc:datafield>
   <marc:datafield ind1="0" ind2="0" tag="245">
      <marc:subfield code="c">Jennifer Benkau</marc:subfield>
   </marc:datafield>
   <marc:datafield ind1=" " ind2="1" tag="264">
      <marc:subfield code="a">Ravensburg</marc:subfield>
      <marc:subfield code="b">Ravensburger</marc:subfield>
      <marc:subfield code="c">2023</marc:subfield>
   </marc:datafield>
   <marc:datafield ind1="1" ind2=" " tag="490">
      <marc:subfield code="a">The Lost Crown</marc:subfield>
      <marc:subfield code="v">2</marc:subfield>
   </marc:datafield>
   <marc:datafield ind1="1" ind2=" " tag="520">
      <marc:subfield code="a">Angaben aus der Verlagsmeldung

The Lost Crown, Band 2: Wer das Schicksal zeichnet (Epische Romantasy von SPIEGEL-Bestsellerautorin Jennifer Benkau) The Lost Crown, Band 2: Wer das Schicksal zeichnet / von Jennifer Benkau

Sie malt Magie auf seine Haut.

Episch. Sinnlich. Herzzerreißend.
Band 2 der atemberaubenden neuen Romantasy-Reihe von SPIEGEL-Bestsellerautorin Jennifer Benkau

Jennifer Benkaus Romantasy-Reihen "One True Queen", "Das Reich der Schatten" und "The Lost Crown" spielen in derselben Fantasy-Welt, können aber unabhängig voneinander gelesen werden.
Sie sind in dieser Reihenfolge erschienen:
One True Queen, Band 1: Von Sternen gekrönt
One True Queen, Band 2: Aus Schatten geschmiedet
Das Reich der Schatten, Band 1: Her Wish So Dark
Das Reich der Schatten, Band 2: His Curse So Wild
The Lost Crown, Band 1: Wer die Nacht malt
The Lost Crown, Band 2: Wer das Schicksal zeichnet

New-Adult-Romance von Jennifer Benkau:
A Reason To Stay (Liverpool-Reihe 1)
A Reason To Stay (Liverpool-Reihe 2)

</marc:subfield>
   </marc:datafield>
   <marc:datafield ind1=" " ind2=" " tag="020">
      <marc:subfield code="a">9783473402144</marc:subfield>
      <marc:subfield code="9">9783473402144</marc:subfield>
   </marc:datafield>
   <marc:datafield ind1=" " ind2=" " tag="020">
      <marc:subfield code="a">3473402141</marc:subfield>
      <marc:subfield code="9">3473402141</marc:subfield>
   </marc:datafield>
   <marc:datafield ind1=" " ind2=" " tag="041">
      <marc:subfield code="a">ger</marc:subfield>
   </marc:datafield>
   <marc:datafield ind1=" " ind2=" " tag="300">
      <marc:subfield code="a">508 Seiten</marc:subfield>
   </marc:datafield>
</marc:record>
